MDQL
is popping MORE tags! Check the
thread
!
Quizzes
Events
Quiz Creation
Community
Videos
Private Events
Remove Ads
Sign In
Join for FREE
Feedback
Dark Mode
Quiz Categories
Sports
Geography
Music
Movies
Television
Just For Fun
Miscellaneous
History
Literature
Language
Science
Gaming
Entertainment
Religion
Holiday
For Kids
Quiz Lab
Recent
Popular Today
Quiz Kudos Today
Editor Picks
Curator Picks
Quizzes by...
Day
Popularity
Type
Ratings
Length
Year
Community
Subscriptions
Recent Discussions
Orange Saloon
Badges
Playlists
Quests
Create
Leaderboards
Showdown
Live 5
Trivia Bingo
Activity
Puzzle Library
Sporcle Events
Private Events
Virtual Trivia
Globe League
Become a Host
Pub Owners
SporcleCon
Opinionation
Our Games
Videos
Blog
Mobile Apps
Partnerships
Remove Ads and Go Orange
Feedback
Television
TV Characters
TV Show
Sitcom
Network
Friends
Reality Shows
Cast
South Park
Star Trek
The Simpsons
Doctor Who
Television
TV Characters
TV Show
Sitcom
Network
Friends
Reality Shows
Cast
South Park
Star Trek
The Simpsons
Doctor Who
Random Quiz
Search Sporcle
×
Quiz Lab
Quiz Lab
Television
Taglines
Type in answers that appear in a list
Type in answers that appear in a list
Classic
Best Score? Go Orange.
Tracy Jordan Movies Stats
Can you name the all of 30 Rock character Tracy Jordan's movies?
By
joepo
7m
10 Questions
725 Plays
725 Plays
725 Plays
Comments
Comments
Give Quiz Kudos
Give Quiz Kudos
-
- Ratings
hide this ad
More Info
Replay
Link that replays current quiz
Next Quiz
Link to next quiz in quiz playlist
You Got
0%
They Got
Avg Score
29%
Avg Friend Score
Upgrade to see
Score Distribution
Jump to the score distribution portion of the page
Score
0/10
Timer
07:00
0
Plays Today
Plot/Tagline/Fun Fact
Movie
% Correct
In which he plays an African-
American ninja
Who Dat Ninja
89.8%
'She's off the leash!'
Fat Bitch
67.3%
In which he portrays a black man who disguises himself as an overweight elderly white woman.
Honky Grandma Be Trippin'
40.6%
A remake of An Affair to Remember
A Blaffair to Rememblack
39.6%
'Money is the Root of all Evil.'
Death Bank
16.7%
'One does the duty; the other gets the booty!'
Black Cop|White Cop
16%
He spent nine months in Japan filming this movie.
Samurai I-Am-Urai
10.1%
'I'm getting too old for this ship!'
Cruise Boat
7.6%
In which he plays a black president.
President Homeboy
6.5%
In which he plays a black caveman who, along with his friends, tries to fit into a society that is slow to accept them.
Black Cavemen
4.1%
Quiz Playlist
Details
Report
Send in Message
Add To Playlist
More Info:
Wikipedia notes that Tracy Jordan has appeared in 15 movies, but only 10 have been mentioned by name. "Jefferson" is still in development.
Classic:
Type in answers that appear in a list
Quiz Source
Last Updated: Feb 16, 2017
Quiz Scoreboard
CHALLENGE
Sign Up to Join the Scoreboard
Show All
Scores
Hide
Comments
May contain spoilers
Recently Published
Image Sorting: Flags VI
by Barbecue
Geography
2m
Find the 'City' Movie
by crazypaving
Movies
60s
Colored Red Africa Blitz
by spor1
Geography
45s
More to Explore
Quiz From the Vault
Featured Blog Post
14 Easter Pick-up Lines to Find Eggs With
hide this ad
You Might Also Like...
Tags
30 Rock
Character
Michael Jordan
plot
Taglines
Tracy
Tracy Jordan
Today's Top Quizzes in Television
Browse Television
hide this ad
Today's Top Quizzes in Taglines
Browse Taglines
Top Contributed Quizzes in Television
1
Survivor Journey Challenge
2
Brooklyn Nine Nine Logic Puzzle (How-To-Play)
3
Total Drama Characters
4
Adjectives in 00s TV Shows
5
Phoebe Buffay Quotes
6
Survivor Heroes vs. Villains Logic Puzzle
7
Survivor Trivia
8
Emmerdale Characters (from August 2012)
9
Game of Thrones: Tywin Lannister Start to Finish
10
Survivor Logic Puzzle: Heroes vs. Villains
Explore More
Trending Topics
Harry Potter
Disney
Kpop
Anime
Crossword
Marvel
NBA
Song
The Office
Pokémon
Soccer
Country
Puzzle
WWE
NFL
hide this ad
More By:
joepo
Quiz
Plays
Rating
Category
Featured
Created
Tracy Jordan Movies
725
2.00
Television
Mar 15, 2010
Best Reviewed Albums of 2009
39
4.50
Music
Mar 13, 2010
Go to Creator's Profile
Score Distribution
Quiz Creator Spotlight
joepo
Follow
Send a Message
Quizzes Created
-
Created Quiz Play Count
-
More By This Creator
Popular Quizzes Today
1
Colored Red Africa Blitz
2
Find the US States - No Outlines Minefield
3
Find the 'City' Movie
4
5x2 Blitz: Bands
5
The Countries of the World
6
Find the US States
7
Find the Countries of Europe - No Outlines Minefield
8
US States
More Television Quizzes
TV Show by Cliffhanger
Published
Trending Quizzes
Colored Red Europe Blitz I
Colored Red Europe Blitz II
Colored Red Africa Blitz II
Colored Red Europe Blitz III
Colored Red Africa Blitz III
Recently Updated
How Do You Spell That?
pecheneg
Godzilla Movies
pecheneg
Grab Bag: 4-10 Letters
pecheneg
2024 March Madness Bracket
pecheneg
Famous TV Couples
Peacemaker
Champions League XIs: Real Madrid
pecheneg
Largest US Cities 1790-2010
pecheneg
Rides in Walt Disney World
pecheneg
Most Oscar Losses (Acting)
pecheneg
Beyoncé Albums
pecheneg
Trending Topics
Harry Potter
NBA
Disney
Crossword
Kpop
Marvel
Anime
Song
WWE
Soccer
The Office
Puzzle
NFL
Country
Pokémon
Your Account Isn't Verified!
In order to create a playlist on Sporcle, you need to verify the email address you used during registration. Go to your
Sporcle Settings
to finish the process.
Report this User
Report this user for behavior that violates our
Community Guidelines
.
Details:
Send Report
Go to the Sporcle.com Mobile Site →
Comments